000 00837nas a2200325 4500
001 BR9103795
003 BR-BrBNA
005 20231205092136.0
007 ta
008 230509b bl.|||p| |||| 00| 00por d
040 _aBR-BrBNA
_bpor
_cBiblioteca Nacional de Agricultura
041 _a(Pt)
072 _aL72
100 1 _aFenerich, F.L.
245 1 _aVerminose gastrintestinal dos ruminantes
650 _aRUMINANTE
650 _aBOVINO
650 _aOVELHA
650 _aVERMINOSE
650 _aHELMINTO
650 _aPROTOZOARIO
650 _aTREMATODEO
650 _aCESTOIDE
650 _aNEMATOIDE
650 _aNUTRICAO ANIMAL
650 _aIMUNIDADE
773 0 _tAgrotecnica (Brazil)
_xISSN 0102-8898
_g1989, no. 5 p. 8-15
_wBR9103795
909 _a202311
_bLúcia
_c55
_dLúcia Elande
942 _2AGRIS
_n0
_cANA
999 _c129630
_d129630